000 00716nam a2200193Ia 4500
003 GCL
008 140319s9999 xx 000 0 ara d
040 _aGCL /
_cGCL
082 0 4 _a250
_bا س
100 1 _aالعسقلانى : احمد بن على بن حجر
245 1 0 _aسبل الاسلام /
_cالعسقلانى : احمد بن على بن حجر
700 1 _aابن حجر العسقلانى : بدر الدين ابو المعالى محمد بن احمد بن على
260 _a[S.N] :
_bدار الكتب العلمية للنشر والتوزيع
300 _a224 ص
490 _a
650 0 4 _aالشريعة الاسلامية
650 0 4 _aالفقه الاسلامى
942 _2ddc
_cBK
999 _c52780
_d52780